00402 a2200097 4500001001000000005001700010008004100027245013700068100002300205773007600228ART_4185320260410162024.0260409a 10aMigración internacional de retorno en el Uriguay y reinserción laboral en tiempos de crisis económica internacional, 2011-20131 aKoolhaas, Martín0 tNotas de poblacióng- Año XLIII, Nº 103 (jul./dic. 2016)wREV41841